000 00735nam a2200241 4500
001 6075
010 _a8496573702
021 _bPO.491.06
090 _a6075
100 _a20211231d2006 a||y0pory5003 ba
200 1 _aCorre corre, cabacinha
_fEva Mejuto [a partir de um conto tradicional português]
_gil. André Letria ; trad. Dora Isabel Batalim
210 _aPontevedra
_cOQO
_d2006
215 _a[32] p.
_cil.
606 _914
_aLiteratura infantil
606 _913
_aLiteratura Estrangeira
675 _a82-93
_vBN
_zpor
675 _a821.1/.8
_vBN
_zpor
700 _aMejuto
_bEva
_95781
702 _aLetria
_bAndré
_9184
702 _aBatalim
_bDora Isabel
_93846
801 0 _aPT
_bBMVN
_gRPC
830 _cAna Caetano
_d31/12/2021
990 _cLIVROS